000 00346 a2200169 4500
001 186302
020 _a85-262-5848-6
040 _cMagnum
100 _aRodrigues, Sonia
240 1 0 _aMedéia
_lpor
245 1 0 _aMedéia
300 _a48
362 0 _a2005
440 1 _aScipione
697 _aLITERATURA JUVENIL ESTRANGEIRA
942 _cBK
999 _c186302
_d186302